[Event "CRO-chT"]
[Site "Porec"]
[Date "1998.09.12"]
[Round "6"]
[White "Gazarek, Danko"]
[Black "Ascic, Pero"]
[Result "1/2-1/2"]
[WhiteElo "2310"]
[BlackElo "2350"]

1.d4 d5 2.Nf3 e6 3.c4 Nf6 4.g3 Be7 5.Bg2 O-O 6.O-O c6 7.Qc2 Ne4 8.Nbd2 f5
9.b3 Nd7 10.Bb2 Ndf6 11.Ne5 Nxd2 12.Qxd2 Nd7 13.Nxd7 Bxd7 14.Rac1 Bd6 15.f4  1/2-1/2

[Event "CRO-chT"]
[Site "Porec"]
[Date "1998.09.14"]
[Round "8"]
[White "Gazarek, Danko"]
[Black "Lazovic, Gordan"]
[Result "1/2-1/2"]
[WhiteElo "2310"]
[BlackElo "2315"]

1.d4 d5 2.Nf3 Nf6 3.c4 e6 4.g3 Be7 5.Bg2 O-O 6.O-O dxc4 7.Qc2 Bd7 8.Qxc4 Bc6
9.Bg5 Nbd7 10.Nc3 h6 11.Bxf6 Nxf6 12.Rad1 a5 13.Rfe1 Bb4  1/2-1/2

[Event "Elista ol (Men)"]
[Site "Elista"]
[Date "1998.09.30"]
[Round "2"]
[White "Nilssen, John Arni"]
[Black "Ismail, Ahmad"]
[Result "1-0"]
[WhiteElo "2305"]
[BlackElo "2040"]

1.Nf3 d5 2.d4 Nf6 3.c4 e6 4.g3 Be7 5.Bg2 O-O 6.O-O c5 7.cxd5 Nxd5 8.Nc3 Nb6
9.e3 Nc6 10.Ne4 c4 11.Qe2 e5 12.Nxe5 Nxe5 13.dxe5 Qc7 14.f4 Rd8 15.Bd2 Bf5
16.Rac1 Rac8 17.Ba5 Rd5 18.Bxb6 Qxb6 19.Nf6+ gxf6 20.Bxd5 Bc5 21.Rfe1 fxe5
22.Rxc4 Rd8 23.Be4 Be6 24.Bxh7+ Kg7 25.Rcc1 Bb4 26.Red1 Rxd1+ 27.Rxd1 Bc5
28.Be4 Bxe3+ 29.Kg2 f5 30.Bd5 Bxd5+ 31.Rxd5 exf4 32.Rxf5 Qc6+ 33.Kh3 Qh6+
34.Rh5 Qg6 35.gxf4  1-0

[Event "Elista ol (Men)"]
[Site "Elista"]
[Date "1998.09.30"]
[Round "2"]
[White "Asrian, Karen"]
[Black "Krivonosov, Oleg"]
[Result "1/2-1/2"]
[WhiteElo "2600"]
[BlackElo "2445"]

1.c4 e6 2.Nf3 d5 3.d4 Nf6 4.g3 Be7 5.Bg2 O-O 6.O-O c6 7.Qc2 Nbd7 8.b3 b6
9.Bb2 Bb7 10.Nc3 Rc8 11.e4 Ba6 12.Rfd1 dxc4 13.Nd2 cxb3 14.axb3 Nb8 15.Nc4 b5
16.Ne3 Qb6 17.Ne2 Nbd7 18.Nf4 Bb7 19.Bc3 a6 20.b4 Rfe8 21.Nd3 Bf8 22.Nc5 e5
23.dxe5 Nxe5 24.Bd4 Qc7 25.Qc3 Ned7 26.Nf5 Nxc5 27.bxc5 Re6 28.e5 Nd5 29.Qb2 f6  1/2-1/2

[Event "Elista ol (Men)"]
[Site "Elista"]
[Date "1998.10.01"]
[Round "3"]
[White "Borges Mateos, Juan"]
[Black "Toloza, Pablo"]
[Result "1-0"]
[WhiteElo "2470"]
[BlackElo "2350"]

1.d4 Nf6 2.c4 e6 3.Nf3 d5 4.g3 Be7 5.Bg2 O-O 6.O-O dxc4 7.Qa4 a6 8.Qxc4 b5
9.Qc2 Bb7 10.Bd2 Nc6 11.e3 Nb4 12.Bxb4 Bxb4 13.a3 Bd6 14.Nbd2 Rc8 15.Nb3 Be4
16.Qc3 Bd5 17.Nc5 Bxc5 18.dxc5 Qe7 19.Rac1 c6 20.Rfd1 Qc7 21.Qe5 Qe7 22.Nd4 Nd7
23.Nf5 Qg5 24.Qd6 Qxf5 25.Qxd7 Rfd8 26.Qe7 Re8 27.Qa7 Ra8 28.Qb6 Reb8 29.Qa5 h5
30.Rd4 Bxg2 31.Kxg2 Qf6 32.Qd2 Rd8 33.Rd6 Kf8 34.Rd1 Rdc8 35.Rd7 g6 36.e4 Qe5
37.Qd6+ Qxd6 38.R1xd6 Kg7 39.Rxe6 b4 40.Ree7 bxa3  1-0

[Event "Budapest FS10 IM-B"]
[Site "Budapest"]
[Date "1998.10.03"]
[Round "1"]
[White "Nguyen Thi Thanh An"]
[Black "Ippolito, Dean"]
[Result "1/2-1/2"]
[WhiteElo "2115"]
[BlackElo "2430"]

1.d4 d5 2.c4 e6 3.Nf3 Nf6 4.g3 Be7 5.Bg2 O-O 6.Qc2 b6 7.O-O Bb7 8.cxd5 Nxd5
9.Nc3 Nd7 10.Nxd5 Bxd5 11.e4 Bb7 12.Rd1 c5 13.d5 exd5 14.exd5 Bd6 15.Nd2 Nf6
16.Nc4 Re8 17.a4 Be5 18.Nxe5 Rxe5 19.Bf4 Re8 20.a5 Qd7 21.Qb3 b5 22.a6 c4
23.Qf3 Bc8 24.b3 Ne4 25.bxc4 bxc4 26.Rd4 Nc5  1/2-1/2

[Event "Elista ol (Men)"]
[Site "Elista"]
[Date "1998.10.04"]
[Round "6"]
[White "Atia, Mahdi"]
[Black "Reefat bin Satter"]
[Result "1/2-1/2"]
[WhiteElo "2215"]
[BlackElo "2350"]

1.d4 d5 2.Nf3 e6 3.g3 Nf6 4.c4 Be7 5.Bg2 O-O 6.O-O dxc4 7.Ne5 Nc6 8.Nxc6 bxc6
9.Bxc6 Rb8 10.Bg2 Qd6 11.b3 Qa6 12.Nd2 cxb3 13.Nxb3 Bd7 14.Nc5 Bxc5 15.dxc5 Bc6
16.Bxc6 Qxc6 17.a4 Qe4 18.Qd3 Qxd3 19.exd3 Nd5 20.Be3 Rb3 21.Rfb1 Rfb8 22.Rxb3 Rxb3
23.Kf1 f6 24.Ke2 a6 25.d4 Kf7 26.g4 f5 27.gxf5 exf5 28.Bd2 f4 29.f3 c6 30.Rg1 Kf6
31.h4 g5 32.Rg4 h5 33.Rxg5 Ra3 34.a5 Ra2 35.Kd3 Ra3+ 36.Ke2 Ra4 37.Kd3 Ra3+
38.Ke2  1/2-1/2

[Event "Elista ol (Men)"]
[Site "Elista"]
[Date "1998.10.04"]
[Round "6"]
[White "Santa Torres, Juan"]
[Black "Nabil, Adel Nasser"]
[Result "1/2-1/2"]
[WhiteElo "2250"]
[BlackElo "2030"]

1.d4 Nf6 2.c4 e6 3.g3 d5 4.Bg2 Be7 5.Nf3 O-O 6.O-O Nbd7 7.b3 b6 8.Bb2 Bb7
9.Nc3 c5 10.cxd5 Nxd5 11.Nxd5 Bxd5 12.dxc5 Nxc5 13.Ne5 Bxg2 14.Kxg2 Bf6 15.Qxd8 Rfxd8
16.Rfd1 Rac8  1/2-1/2

[Event "Elista ol (Men)"]
[Site "Elista"]
[Date "1998.10.09"]
[Round "10"]
[White "Papaioannou, Ioannis"]
[Black "Escobedo Tinajero, Alberto"]
[Result "1-0"]
[WhiteElo "2520"]
[BlackElo "2370"]

1.d4 d5 2.Nf3 Nf6 3.c4 e6 4.g3 Be7 5.Bg2 O-O 6.O-O Ne4 7.Qc2 c6 8.Ne5 f6
9.Nd3 Re8 10.Nd2 Nd6 11.b3 Nd7 12.Bb2 Bf8 13.e4 dxe4 14.Nxe4 Nf7 15.Rfe1 Qc7
16.c5 Re7 17.f4 b6 18.Ba3 Re8 19.Nd6 Nxd6 20.cxd6 Bxd6 21.Qxc6 Qxc6 22.Bxc6 Bxa3
23.Bxa8 Nf8 24.Bg2 Rd8 25.Rad1 a5 26.Nf2 Bb4 27.Re2 Bc3 28.Rc2 Bb4 29.Bf3 Bd7
30.Kg2 Be8 31.d5 e5 32.fxe5 fxe5 33.d6 Bg6 34.Bd5+ Kh8 35.Be4 Bh5 36.Bf3 Bxf3+
37.Kxf3 Ne6 38.Kg2 Nd4 39.Rc7 Bxd6 40.Rb7 h6 41.Rxb6 Bb4 42.Rb5 Re8 43.Rd5 Re7
44.Rd3 Kh7 45.Kh3 Nc2 46.Rd7 Re6 47.Ne4 Nd4 48.Rc7 Kg6 49.Rd1 Kf5 50.Nc5 Bxc5
51.Rxc5 Nf3 52.Rxa5 g5 53.Kg2 g4 54.b4 Rc6 55.Rc5 Ra6 56.Rc2 h5 57.b5 Ra5
58.Rb2 h4 59.h3 hxg3 60.Kxg3 Nd4 61.hxg4+ Kg5 62.b6 Ra3+ 63.Kg2 Kxg4 64.Rxd4+  1-0

[Event "Elista ol (Men)"]
[Site "Elista"]
[Date "1998.10.11"]
[Round "12"]
[White "Fominyh, Alexander"]
[Black "Pihlajasalo, Antti"]
[Result "1/2-1/2"]
[WhiteElo "2530"]
[BlackElo "2450"]

1.Nf3 d5 2.c4 e6 3.d4 Be7 4.g3 Nf6 5.Bg2 O-O 6.O-O dxc4 7.Qc2 a6 8.Qxc4 b5
9.Qc2 Bb7 10.Bd2 Be4 11.Qc1 Bb7 12.Qc2 Be4 13.Qc1 Bb7 14.Bf4 Nd5 15.Nc3 Nxf4
16.Qxf4 Qd6 17.Rfd1 Nd7 18.Rac1 Rac8 19.d5 exd5 20.Qxd6 Bxd6 21.Nxd5 Bxd5
22.Rxd5 Nb6 23.Rdd1 b4 24.Rc6 Na4 25.Rd2 a5 26.Ra6 Ra8 27.Rxa8 Rxa8 28.Ne5 Ra6
29.Nc4 Nc5 30.e4 f6 31.f4 a4 32.Kf2 a3 33.bxa3 bxa3 34.Ke3 Nb3 35.Rd1 Bc5+
36.Kd3 Na5 37.e5 Kf8 38.Nd2 Rb6 39.Rc1 Bb4 40.Nc4 Nxc4 41.Rxc4 c5 42.Bd5 Rb8
43.Re4 Re8 44.Kc4 g5 45.e6 Ke7 46.f5 h5 47.Re3 Rd8 48.Rd3 Rd6 49.h3 Rd8 50.Bf3 Rxd3
51.Kxd3 h4  1/2-1/2

[Event "Elista ol (Men)"]
[Site "Elista"]
[Date "1998.10.11"]
[Round "12"]
[White "Rasmussen, Rogvi W"]
[Black "Solomon, Kenny"]
[Result "0-1"]
[WhiteElo "2140"]
[BlackElo "2215"]

1.d4 Nf6 2.c4 e6 3.g3 d5 4.Bg2 Be7 5.Nf3 O-O 6.O-O dxc4 7.Qc2 a6 8.Qxc4 b5
9.Qc2 Bb7 10.Bf4 Nd5 11.Nc3 Nxf4 12.gxf4 Nd7 13.Rfd1 Qc8 14.Ne4 f5 15.Nc5 Nxc5
16.dxc5 Be4 17.Qc3 Bf6 18.Ne5 Bxg2 19.Kxg2 Bxe5 20.Qxe5 Qb7+ 21.f3 Qc6 22.Rd3 Rad8
23.Rad1 Rxd3 24.Rxd3 Kf7 25.Kf2 Re8 26.e4 g6 27.b4 Rf8 28.Rd1 Re8 29.Kg3 Rg8
30.Rd2 Re8 31.Kh4 h6 32.Kg3 Rf8 33.Rd1 Re8 34.Kf2 Rg8 35.Ke3 Re8 36.Qd4 Qa8
37.Rd2 Qc6 38.h4 h5 39.Kd3 Rf8 40.Kc3 Re8 41.Kb3 Qa8 42.Rd1 Qc6 43.Qe5 Rf8
44.Rd3 Re8 45.Kc3 Rg8 46.Kd2 Rf8 47.Ke3 Re8 48.Qd4 Qa8 49.a4 bxa4 50.Qd7+ Re7
51.Qxa4 fxe4 52.fxe4 e5 53.Qa2+ Kg7 54.Qb2 Qc8 55.Qg2 exf4+ 56.Kxf4 Qe6 57.Ke3 Qc4
58.Qb2+ Kh7 59.Qd4 Qc1+ 60.Rd2 Qe1+ 61.Kd3 Qg3+ 62.Kc4 Qxh4 63.e5 Qxd4+ 64.Rxd4 g5
65.c6 Kg6 66.Rd7 Kf7 67.Kd5 h4 68.Rd6 cxd6 69.exd6 h3  0-1

[Event "Oberliga Sued W9899"]
[Site "Wuertemberg"]
[Date "1998.10.11"]
[Round "1"]
[White "Fochtler, Ekkehard"]
[Black "Banaszek, Marcin"]
[Result "1-0"]
[WhiteElo "2270"]
[BlackElo "2265"]

1.d4 Nf6 2.c4 e6 3.g3 d5 4.Bg2 Be7 5.Nf3 O-O 6.O-O c5 7.cxd5 exd5 8.b3 Nc6
9.Nc3 Be6 10.Bb2 Rc8 11.Rc1 b6 12.Qd3 Qd7 13.Ne5 Qd6 14.Nb5 Qb8 15.Nxc6 Rxc6
16.dxc5 bxc5 17.Nd4 Rb6 18.Nf5 Bxf5 19.Qxf5 Rd8 20.Be5 Qb7 21.Rfd1 g6 22.Qd3 Qa6
23.Bc7 Qxd3 24.Rxd3 Rd7 25.Bxb6 axb6 26.a4 d4 27.Kf1 Nd5 28.Bxd5 Rxd5 29.e3 Bf6
30.Rc4 Rf5 31.g4 Rg5 32.h3 h5 33.f4 Rd5 34.e4 Rd8 35.Kg2 hxg4 36.hxg4 Re8
37.g5 Be7 38.Kf3 f6 39.gxf6 Bxf6 40.e5 Be7 41.Ke4 Rd8 42.Rc1 Kf7 43.Rh1 Bf8
44.Rg3 Rb8 45.Rh7+  1-0

[Event "BL2-O9899"]
[Site "Germany"]
[Date "1998.10.18"]
[Round "1.3"]
[White "Hackel, Mario"]
[Black "Schmidt, Jan Peter"]
[Result "1-0"]
[WhiteElo "2345"]
[BlackElo "2300"]

1.d4 Nf6 2.c4 e6 3.g3 d5 4.Bg2 Be7 5.Nf3 O-O 6.O-O Nbd7 7.Qc2 c6 8.Rd1 b5
9.c5 Ne4 10.Ne1 f5 11.f3 Ng5 12.Nd3 Bf6 13.Bxg5 Bxg5 14.f4 Bf6 15.e3 a5 16.a3 h6
17.Nd2 g5 18.Ne5 Bxe5 19.dxe5 Qe7 20.Rdc1 g4 21.Nb3 h5 22.Nd4 Nb8 23.h3 Bd7
24.b4 a4 25.Kf2 Kg7 26.Rh1 Na6 27.Rh2 Rh8 28.Rah1 Rag8 29.Bf1 Qe8 30.Qb2 Qg6
31.hxg4 hxg4 32.Bd3 Rxh2+ 33.Rxh2 Kf7 34.Qa1 Nc7 35.Qh1 Ke8 36.Rh6 Qg7 37.Rh7 Qf8
38.Qh4 Rg7 39.Rh8 Rg8 40.Rh7 Rg7 41.Rh6 Rg8 42.Bxf5 exf5 43.e6 Nxe6 44.Nxc6 Bxc6
45.Rxe6+ Kd7 46.Rd6+ Kc7 47.Qh7+ Qg7 48.Rh6 Qxh7 49.Rxh7+ Kd8 50.Ke2 Re8
51.Kd3 Re7 52.Rh6 Kd7 53.Rd6+ Kc7 54.Rf6 Rh7 55.Kd4 Rh3 56.Rxf5 Rxg3 57.Rf7+ Kc8
58.Rg7 Kd8 59.f5 Rf3 60.Ke5 Rxe3+ 61.Kd6 Ke8 62.Rxg4 Rxa3 63.Kxc6 Rc3 64.Kxd5 Kf7
65.Rh4 Kf6 66.Kc6 a3 67.Kxb5 a2 68.Rh6+ Kxf5 69.Ra6 Rc2 70.c6 Ke6 71.Kb6 Kd5
72.b5 Kd6 73.Ra3  1-0

[Event "Bundesliga 9899"]
[Site "Germany"]
[Date "1998.10.18"]
[Round "2.8"]
[White "Jugelt, Tobias"]
[Black "Gustafsson, Jan"]
[Result "1/2-1/2"]
[WhiteElo "2360"]
[BlackElo "2385"]

1.d4 Nf6 2.Nf3 e6 3.g3 d5 4.Bg2 Be7 5.c4 O-O 6.O-O dxc4 7.Ne5 Nc6 8.Nxc6 bxc6
9.Qa4 Rb8 10.Rd1 Rb6 11.Qxc4 c5 12.e3 Bb7 13.Bxb7 Rxb7 14.Nc3 Rb4 15.Qe2 cxd4
16.Rxd4 Rxd4 17.exd4 Qxd4 18.Be3 Qb4 19.Bxa7 c5 20.Qb5 Ra8 21.Qxb4 cxb4 22.Nb5 Nd5
23.a4 bxa3 24.bxa3 Nc7 25.Nxc7 Rxa7 26.Nb5 Ra4 27.Kf1 Kf8 28.Ke2 Ke8 29.Kd3 Kd7
30.Rb1 e5 31.f3 Kc6 32.Rb3 Ra5 33.Kc4 Ra4+ 34.Kd3 f5 35.h3 h5 36.Nc3 Rxa3
37.Rxa3 Bxa3 38.g4 g6 39.gxf5 gxf5 40.f4 Bb2 41.Ne4 fxe4+  1/2-1/2

[Event "Najdorf op"]
[Site "Buenos Aires"]
[Date "1998.10.26"]
[Round "3"]
[White "Andersson, Ulf"]
[Black "Pelikian, Jefferson"]
[Result "1-0"]
[WhiteElo "2645"]
[BlackElo "2415"]

1.d4 Nf6 2.Nf3 d5 3.c4 e6 4.g3 Be7 5.Bg2 O-O 6.O-O c6 7.Nbd2 Nbd7 8.b3 b5
9.c5 b4 10.a3 bxa3 11.Qc2 Ba6 12.Re1 Bb5 13.Bxa3 Re8 14.Bb2 Bf8 15.h3 g6
16.Bc3 Bg7 17.b4 a6 18.e3 Nf8 19.Ra3 N6d7 20.Bf1 e5 21.dxe5 Nxe5 22.Rea1 Nxf3+
23.Nxf3 Bxc3 24.Qxc3 Rc8 25.Bxb5 axb5 26.Ra7 Ne6 27.h4 Re7 28.Rxe7 Qxe7 29.Ra6 f6
30.Qa1 Rc7 31.Qa5 Kg7 32.Qb6 g5 33.Ra8 g4 34.Nd2 Nd8 35.Qb8 Rd7 36.Nb3 d4
37.Nxd4 Rxd4 38.exd4 Qe1+ 39.Kg2 Qe4+ 40.Kh2 Ne6 41.Qh8+  1-0

[Event "Najdorf op"]
[Site "Buenos Aires"]
[Date "1998.10.29"]
[Round "6"]
[White "Ibar, Marcelo"]
[Black "Sunye Neto, Jaime"]
[Result "0-1"]
[WhiteElo "2320"]
[BlackElo "2520"]

1.Nf3 Nf6 2.c4 e6 3.g3 d5 4.d4 Be7 5.Bg2 O-O 6.O-O b6 7.Qc2 Bb7 8.b3 c5 9.Bb2 Nc6
10.dxc5 bxc5 11.cxd5 exd5 12.Nbd2 Re8 13.Rac1 Rc8 14.Rfd1 d4 15.a3 Bf8 16.Nc4 Na5
17.Nxa5 Qxa5 18.Ne1 Qa6 19.Bxb7 Qxb7 20.Ng2 Ne4 21.h4 a5 22.a4 Rb8 23.Rd3 Nf6
24.Rf3 Nd5 25.Ne1 Nb4 26.Qc4 Nc6 27.Qc2 Ne5 28.Rf4 Qxb3 29.Qxb3 Rxb3 30.Rc2 Reb8
31.Bc1 Rc3 32.Rxc3 dxc3 33.Be3 Rb1 34.Kf1 c2 35.Re4 f6  0-1

[Event "Panormo zt"]
[Site "Panormo"]
[Date "1998.10.31"]
[Round "8"]
[White "Papaioannou, Ioannis"]
[Black "Anastasian, Ashot"]
[Result "1-0"]
[WhiteElo "2520"]
[BlackElo "2560"]

1.d4 d5 2.Nf3 Nf6 3.c4 e6 4.g3 Be7 5.Bg2 O-O 6.O-O c6 7.b3 Nbd7 8.Qc2 b6
9.Rd1 Bb7 10.Nc3 Ba6 11.Bf4 dxc4 12.bxc4 Bxc4 13.Nd2 Ba6 14.Bxc6 Rc8 15.Qa4 Nh5
16.Be5 Nxe5 17.dxe5 Qc7 18.Qxa6 Qxc6 19.Rac1 Bb4 20.Nce4 Qxc1 21.Rxc1 Rxc1+
22.Kg2 Bxd2 23.Nxd2 Rc5 24.Nf3 Ra5 25.Qc4 g6 26.g4 Rc5 27.Qe4 Ng7 28.Qf4 Ne8
29.Qh6 f6 30.h3 Rc7 31.Qd2 Rcf7 32.exf6 Rxf6 33.Qd7 Ng7 34.Qxa7 e5 35.Qc7 Ne6
36.Qc4 b5 37.Qd5 R8f7 38.Kh1 Nf4 39.Qxb5 Nxh3 40.Nxe5 Nxf2+ 41.Kg2 Re7 42.Nd7 Rff7
43.Qb8+ Kg7 44.Qb2+ Kh6 45.Qd2+ Kg7 46.Qd4+ Kh6 47.Nf6 Rxe2 48.Ng8+ Kg5 49.Kf1 Re4
50.Qd5+ Kh4 51.Qxf7 Nxg4 52.Qxh7+ Kg3 53.Qxg6 Kf3 54.Nf6 Ne3+ 55.Kg1 Re5
56.Qh6 Rc5 57.Qh3+ Ke2 58.Qh2+  1-0

[Event "Chigorin mem"]
[Site "St. Petersburg"]
[Date "1998.10.31"]
[Round "1"]
[White "Evseev, Denis"]
[Black "Stoliarov, Alexandr"]
[Result "1-0"]
[WhiteElo "2470"]
[BlackElo "2255"]

1.d4 Nf6 2.c4 e6 3.g3 Be7 4.Bg2 d5 5.Nf3 O-O 6.O-O c5 7.cxd5 exd5 8.Nc3 Nc6
9.dxc5 Bxc5 10.Bg5 Be6 11.Bxf6 Qxf6 12.Nxd5 Qxb2 13.Nc7 Rad8 14.Qc1 Qxc1
15.Raxc1 b6 16.Nxe6 fxe6 17.e3 h6 18.Rc4 Rd6 19.Re4 Rf5 20.h4 b5 21.Rc1 a5
22.g4 Rfd5 23.Bf1 Ba3 24.Rc2 a4 25.g5 Kh7 26.Bh3 b4 27.Rxe6 Rxe6 28.Bxe6 Rd6
29.Bf5+ g6 30.Be4 Ne7 31.Nd4 Rb6 32.Rc7 b3 33.axb3 axb3 34.Nc6 hxg5 35.Nxe7 Re6
36.Nxg6+  1-0

[Event "USA-ch (Women)"]
[Site "Denver"]
[Date "1998.11.01"]
[Round "2"]
[White "Burtman, Sharon"]
[Black "Zitserman, Tatyana"]
[Result "1-0"]
[WhiteElo "2090"]
[BlackElo "2060"]

1.d4 Nf6 2.c4 e6 3.g3 d5 4.Bg2 Be7 5.Nf3 O-O 6.O-O Nbd7 7.Qc2 c6 8.Nbd2 b6
9.e4 Bb7 10.e5 Ne8 11.b3 Rc8 12.Bb2 Qc7 13.Rfd1 Qb8 14.Rac1 Qa8 15.h4 a5
16.Ng5 g6 17.Qd3 Ng7 18.Qe2 h6 19.Ngf3 c5 20.dxc5 Nxc5 21.Nd4 Rfd8 22.Qe3 h5
23.Bf1 Qb8 24.N2f3 dxc4 25.Bxc4 Qa8 26.Bf1 Bd5 27.Bh3 Rc7 28.Bg2 Rcd7 29.Ba3 Qb7
30.Bb2 Rc8 31.Bh3 Rcd8 32.Bg2 Rc8 33.Qf4 b5 34.Bf1 b4 35.Nd2 Rcd8 36.Nc4 Bxc4
37.Rxc4 Nf5 38.Rdc1 Nxd4 39.Bxd4 Na6 40.Bg2 Qb8 41.Bc6 Rc7 42.Qe3 Rf8 43.Bb6 Rcc8
44.Ba7 Qc7 45.Bb6 Qb8 46.Rd1 f6 47.Rd7 Rf7 48.exf6 Bxf6 49.Qxe6 Rf8 50.Rxf7 Rxf7
51.Bd5 Qf8 52.Qxf6  1-0

[Event "Hampstead GM4"]
[Site "Hampstead"]
[Date "1998.11.01"]
[Round "9"]
[White "Mittelman, Gur"]
[Black "Ippolito, Dean"]
[Result "0-1"]
[WhiteElo "2410"]
[BlackElo "2430"]

1.d4 d5 2.c4 e6 3.Nf3 Nf6 4.g3 Be7 5.Bg2 O-O 6.O-O dxc4 7.Qc2 a6 8.Qxc4 b5
9.Qc2 Bb7 10.Bg5 Nbd7 11.Bxf6 Nxf6 12.Nbd2 Rc8 13.Nb3 c5 14.dxc5 Be4 15.Qc3 Bd5
16.Rfd1 Ne4 17.Qe1 Qc7 18.Nfd4 Bxc5 19.Nxc5 Qxc5 20.e3 Qe7 21.Rac1 Qb7 22.Rxc8 Rxc8
23.Rc1 g6 24.Rxc8+ Qxc8 25.Qd1 Qb7 26.Qc2 e5 27.Nf3 Nd6 28.Qd1 Nc4 29.b3 Nb6
30.Ne1 Bxg2 31.Nxg2 Qd5 32.Qc2 Nd7 33.e4 Qd4 34.Ne3 Nc5 35.Nd5 Kg7 36.Nc7 Nxe4
37.Nxa6 Nc3 38.b4 e4 39.a3 Qd3 40.Qb2 f6 41.Qa1 Ne2+ 42.Kf1 Nxg3+ 43.Kg1 Ne2+  0-1

[Event "Donetzk zt"]
[Site "Donetsk"]
[Date "1998.11.04"]
[Round "3"]
[White "Kopylov, Mihail"]
[Black "Mikhaletz, Lubomir"]
[Result "1-0"]
[WhiteElo "2385"]
[BlackElo "2495"]

1.d4 Nf6 2.c4 e6 3.g3 d5 4.Bg2 Be7 5.Nf3 O-O 6.O-O dxc4 7.Qc2 a6 8.Qxc4 b5
9.Qc2 Bb7 10.Bg5 Nc6 11.Bxf6 Bxf6 12.Rd1 Nb4 13.Qb3 Nd5 14.Nbd2 Nb6 15.Qc2 g6
16.Nb3 a5 17.Nc5 Bxf3 18.Bxf3 Ra7 19.Bc6 b4 20.Rac1 Qe7 21.Bg2 Rd8 22.e3 Bg7
23.Qe2 e5 24.d5 Nc8 25.Na6 e4 26.Nb8 Rd6 27.Nc6 Rxc6 28.Rxc6 f5 29.Qb5 Bf8
30.Qb8 Qe8 31.Rdc1  1-0

[Event "ISR-ch"]
[Site "Ramat Aviv"]
[Date "1998.11.11"]
[Round "2.2"]
[White "Mikhalevski, Victor"]
[Black "Gruenfeld, Yehuda"]
[Result "1-0"]
[WhiteElo "2540"]
[BlackElo "2475"]

1.d4 Nf6 2.c4 e6 3.g3 d5 4.Bg2 Be7 5.Nf3 O-O 6.O-O dxc4 7.Qc2 a6 8.a4 Bd7
9.Qxc4 Bc6 10.Bg5 Nbd7 11.Nc3 a5 12.Rfe1 Nd5 13.Bxe7 Qxe7 14.e4 Nb4 15.Qe2 Rad8
16.Rac1 Nb6 17.b3 Be8 18.Qe3 f6 19.Nb5 c6 20.Nc3 Nc8 21.h3 e5 22.Nb1 Bf7
23.Bf1 exd4 24.Nxd4 Rfe8 25.Nf5 Qf8 26.Nd2 Nd6 27.Nd4 Re7 28.f3 Qe8 29.Nc4 Nxc4
30.bxc4 Red7 31.Nf5 Nd3 32.Bxd3 Rxd3 33.Qf2 Be6 34.c5  1-0

[Event "SLO-chT"]
[Site "Bled"]
[Date "1998.11.12"]
[Round "6"]
[White "Kozul, Zdenko"]
[Black "Dizdar, Goran"]
[Result "1/2-1/2"]
[WhiteElo "2570"]
[BlackElo "2570"]

1.d4 Nf6 2.c4 e6 3.Nf3 d5 4.g3 Be7 5.Bg2 O-O 6.O-O c6 7.Qc2 Nbd7 8.Rd1 b6
9.b3 Ba6 10.a4 Rc8 11.a5 c5 12.axb6 Qxb6 13.Ba3 Rfe8 14.Qa2 Bb7 15.Nbd2 cxd4
16.Bxe7 Rxe7 17.Qxa7 e5 18.Qxb6 Nxb6 19.Ra7 Rcc7 20.c5 Rxc5 21.Nxe5 Nc8 22.Nd3 Rc2
23.Ra5 Rxe2 24.Nf3 Ra2 25.Rxa2 Rxa2 26.Nxd4 Nd6 27.Nb4 Rb2 28.f3 h5 29.Bf1 Bc8
30.Bd3 g6 31.Bb1 Bh3 32.Bc2 Bf5 33.Bxf5 Nxf5 34.Nd3 Rc2 35.Nxf5 gxf5 36.h4 Kf8
37.Re1 Rd2 38.Nf4 Rb2 39.Re5 Rxb3 40.Rxf5 Ke7 41.Kf2 d4 42.Ke2 Ra3 43.Nxh5 Ra2+
44.Kd1 Nxh5 45.Rxh5 Ke6 46.g4 Rh2 47.Ke1 d3 48.f4 f6 49.Rh6 Kd5 50.Rxf6 Ke4
51.g5 Ke3 52.Re6+ Kxf4 53.g6  1/2-1/2

[Event "Wch Seniors"]
[Site "Grieskirchen"]
[Date "1998.11.15"]
[Round "7"]
[White "Pantaleev, Dimitar"]
[Black "Borisenko, Georgy K"]
[Result "1/2-1/2"]
[WhiteElo "2165"]
[BlackElo "2375"]

1.c4 e6 2.d4 Nf6 3.Nf3 d5 4.g3 Be7 5.Bg2 O-O 6.cxd5 exd5 7.O-O c6 8.Nc3 Nbd7
9.Bd2 Nb6 10.b3 Ne4 11.Be1 Bf5 12.e3 Qc8 13.Nxe4 Bxe4 14.Bc3 Qe6 15.Qd2 Nc8
16.Bb4 Bxf3 17.Bxf3 Bxb4 18.Qxb4 Nd6 19.a4 f5 20.a5 a6 21.Bg2 g5 22.Rae1 g4
23.f4 Rf6 24.Qd2 Re8 25.Qc2 Qe7 26.Kf2 Re6 27.Qd3 Kg7 28.Rh1 h5 29.h4 Qd8
30.Qd2 Kf6 31.Re2 R8e7 32.Rc1 Qe8 33.Rc2 Kg6 34.Rc1 Qd8 35.Rc2 Re8 36.Rc1 Qf6
37.Rc2 Nb5 38.Qd3 Qe7 39.Rc5 Qd8 40.Qd2 Qf6 41.Bf1 R6e7 42.Qd3 Re4 43.Rcc2 Qe7
44.Bg2 Re6 45.Rc5 Qd6 46.Qd2 R6e7 47.Qd3 Nc7 48.Rcc2 Qb4 49.Qc3 Qxc3 50.Rxc3 Nb5
51.Rcc2 Kf7 52.Bf1 Nd6 53.Bg2 Re6 54.Bh1 R8e7 55.Bg2 Ke8 56.Bh1 Kd7 57.Bg2 Ne8
58.Rc3 Nc7 59.Rd3 Nb5 60.Rc2 Re8  1/2-1/2

[Event "Wch Seniors"]
[Site "Grieskirchen"]
[Date "1998.11.20"]
[Round "11"]
[White "Chernikov, Oleg L"]
[Black "Semasev, Kim"]
[Result "1-0"]
[WhiteElo "2405"]
[BlackElo "2275"]

1.Nf3 Nf6 2.g3 d5 3.Bg2 e6 4.c4 Be7 5.d4 O-O 6.O-O c5 7.cxd5 Nxd5 8.e4 Nf6
9.Nc3 cxd4 10.Nxd4 e5 11.Nf5 Bxf5 12.exf5 Qxd1 13.Rxd1 Nc6 14.Be3 Rfd8 15.Rxd8+ Bxd8
16.Nb5 Bb6 17.Rc1 Nd4 18.Nxd4 exd4 19.Bf4 Rd8 20.Bxb7 Kf8 21.Kf1 d3 22.Bf3 Bd4
23.b4 Nd5 24.Bd2 Nf6 25.a4 g6 26.fxg6 fxg6 27.b5 Kg7 28.a5 Rd7 29.Rc4 h6
30.b6 axb6 31.a6 Be5 32.Bb7 b5 33.Rb4 Bb8 34.Rxb5 Ba7 35.Bc6 Rf7 36.Rb7 Ng4
37.Bd5 Rxb7 38.axb7 Nxh2+ 39.Kg2 Ng4 40.f4 h5 41.Bc4 Kf6 42.Bxd3 Kf7 43.Kf3 Kf6
44.Bb5 Ke7 45.Bb4+ Kd8 46.Bd6  1-0

[Event "BEL-chT9899"]
[Site "Antwerp"]
[Date "1998.11.22"]
[Round "3"]
[White "Vanderstricht, Geert"]
[Black "Goossens, Etienne"]
[Result "0-1"]
[WhiteElo "2355"]
[BlackElo "2140"]

1.d4 Nf6 2.c4 e6 3.Nf3 d5 4.g3 Be7 5.Bg2 O-O 6.O-O c6 7.Qc2 b6 8.Bf4 Ba6
9.Nbd2 Nbd7 10.Rfd1 Nh5 11.Ne5 Nxe5 12.dxe5 Qb8 13.Bf3 Nxf4 14.gxf4 Kh8 15.Kh1 Bh4
16.cxd5 cxd5 17.e4 d4 18.Qa4 Qb7 19.Qxd4 Rfd8 20.Qe3 Rd3 21.Qe1 Rad8 22.Be2 Re3
23.Nf3 Rxe2 24.Qb4 Rc8 25.Rac1 Kg8 26.Rd4 Bxf2  0-1

[Event "AMEBS"]
[Site "La Plata"]
[Date "1998.11.23"]
[Round "2"]
[White "Amura, Claudia Noemi"]
[Black "Van Riemsdijk, Herman C"]
[Result "1/2-1/2"]
[WhiteElo "2350"]
[BlackElo "2405"]

1.d4 Nf6 2.Nf3 d5 3.c4 e6 4.g3 Be7 5.Bg2 O-O 6.O-O dxc4 7.Ne5 Nc6 8.Nxc6 bxc6
9.e3 Nd5 10.Qa4 Nb6 11.Qc2 Rb8 12.Rd1 a5 13.Nd2 Ba6 14.Bxc6 Nd5 15.a3 Qd6
16.Ba4 Nb6 17.Ne4 Qd5 18.Nc3 Qf3 19.e4 Bb7 20.Re1 Bf6 21.Be3 c5 22.Qd1 Qxd1
23.Raxd1 Nxa4 24.Nxa4 Bxe4 25.Nxc5 Bf3 26.Rd2 Rfd8 27.Bf4 Rbc8 28.Ne4 Be7
29.Re3 Bxe4 30.Rxe4 c3 31.bxc3 g5 32.Be3 Rxc3 33.d5 Rxa3 34.dxe6 Rxd2 35.Bxd2 Ra2
36.Bxg5  1/2-1/2

[Event "AUT-chT2M 9899"]
[Site "Austria"]
[Date "1998.11.29"]
[Round "3"]
[White "Schmidt, Peter"]
[Black "Neckar, Lubomir"]
[Result "1/2-1/2"]
[WhiteElo "2340"]
[BlackElo "2345"]

1.d4 d5 2.c4 e6 3.Nf3 Be7 4.g3 Nf6 5.Bg2 O-O 6.O-O b6 7.cxd5 exd5 8.Nc3 Bb7
9.Ne5 Na6 10.Nd3 h6 11.Nf4 Qd7 12.b3 Rfd8 13.Bb2 c5 14.e3  1/2-1/2

[Event "SVK-chT2A 9899"]
[Site "SVK"]
[Date "1998.12.06"]
[Round "6"]
[White "Vavrak, Peter"]
[Black "Petrik, Tomas"]
[Result "1-0"]
[WhiteElo "2200"]
[BlackElo "2275"]

1.g3 Nf6 2.Bg2 d5 3.Nf3 e6 4.c4 Be7 5.d4 O-O 6.O-O Nbd7 7.Nc3 dxc4 8.Bf4 Nd5
9.e4 Nxf4 10.gxf4 c5 11.d5 Nb6 12.a4 exd5 13.exd5 Bd6 14.a5 Nd7 15.Qe2 Bxf4
16.Qxc4 Qf6 17.Ra4 Bc7 18.Re1 Ne5 19.Nxe5 Bxe5 20.Qxc5 Bd6 21.Qd4 Qg6 22.Qh4 Bf5
23.Kh1 Rae8 24.Raa1 Bc7 25.a6 bxa6 26.Bf3 Bd8 27.Qa4 Rxe1+ 28.Rxe1 Qb6 29.Kg2 Qxb2
30.Ne4 Bb6 31.Re2 Qb5 32.Qa1 Qd7 33.Qxa6 Bh3+ 34.Kh1 Rc8 35.Re1 Re8 36.Qa1 f6
37.Rg1 Kf8 38.Nxf6 gxf6 39.Qxf6+ Qf7 40.Qh6+ Ke7 41.Rg7 Qxg7 42.Qxg7+ Kd8
43.Qg5+ Kd7 44.Bg4+ Bxg4 45.Qxg4+ Kd6 46.Qb4+ Kd7 47.Qa4+ Ke7 48.Qe4+ Kd8
49.Qxh7 Bxf2 50.h4 Bd4 51.h5 Re1+ 52.Kg2 Re7 53.Qg8+ Kc7 54.h6 Kd6 55.Qc8 Re2+
56.Kf1 Rf2+ 57.Ke1 Rb2 58.Qe6+ Kc5 59.Qc6+ Kb4 60.d6 Rh2 61.d7 Bc3+ 62.Kf1 Rd2
63.Qb7+ Ka3 64.Qxa7+  1-0

[Event "ROM-ch (Women)"]
[Site "Sovata"]
[Date "1998.12.09"]
[Round "6"]
[White "Caravan, Mariana"]
[Black "Cretu, Alina"]
[Result "0-1"]
[WhiteElo "2125"]
[BlackElo "2085"]

1.d4 d5 2.c4 e6 3.g3 Nf6 4.Bg2 Be7 5.Nf3 O-O 6.O-O Nbd7 7.b3 Ne4 8.Bb2 b6
9.Nbd2 Bb7 10.Nxe4 dxe4 11.Nd2 f5 12.e3 Nf6 13.f3 Qe8 14.Qc2 exf3 15.Nxf3 Be4
16.Qe2 Qh5 17.a3 Ng4 18.h3 Nf6 19.Qf2 Bd6 20.Ne5 Bxg2 21.Qxg2 Qg5 22.Rf4 Bxe5
23.dxe5 Ne4 24.g4 Rad8 25.Re1 Rd2 26.Re2 Rfd8 27.Bc1 Rxe2 28.Qxe2 Qh4 29.gxf5 Qg3+
30.Qg2 Rd1+ 31.Rf1 Rxc1 32.Rxc1 Qxe3+ 33.Kh2 Qf4+ 34.Kh1 Qxc1+ 35.Kh2 Qd2
36.fxe6 Qxg2+ 37.Kxg2 Kf8  0-1

[Event "Oberliga Sued W9899"]
[Site "Wuertemberg"]
[Date "1998.12.13"]
[Round "4"]
[White "Born, Mario"]
[Black "Reuss, Andreas"]
[Result "1-0"]
[WhiteElo "2225"]
[BlackElo "2170"]

1.Nf3 Nf6 2.c4 e6 3.g3 d5 4.Bg2 Be7 5.d4 O-O 6.Nc3 c6 7.Qb3 b6 8.O-O Re8
9.Rd1 Nbd7 10.Bf4 Bf8 11.e4 Nxe4 12.Nxe4 dxe4 13.Ne5 Nxe5 14.dxe5 Qc7 15.Bxe4 Bb7
16.Qf3 Rad8 17.h4 Bc5 18.h5 Bd4 19.h6 Bxe5 20.Bxh7+ Kxh7 21.Qe4+ f5 22.Bxe5 fxe4
23.Bxc7 Rd3 24.hxg7 e5 25.Rxd3 exd3 26.f3 c5 27.Kf2 e4 28.fxe4 Rxe4 29.Re1 Rxc4
30.Be5 Rc2+ 31.Ke3 c4 32.g4 Kg8 33.Rf1 Re2+ 34.Kf4 Bd5 35.Kg5  1-0